Gravity prospecting (Record no. 44900)

MARC details
000 -LEADER
fixed length control field 00504nam a2200133 a 4500
008 - FIXED-LENGTH DATA ELEMENTS--GENERAL INFORMATION
fixed length control field 120416s1971 ||||||||||||||||| || u
050 ## - LIBRARY OF CONGRESS CALL NUMBER
Classification number TN 269 Saz
100 ## - MAIN ENTRY--PERSONAL NAME
Personal name Sazhina, N
245 10 - TITLE STATEMENT
Title Gravity prospecting
Statement of responsibility, etc. N. Grushinsky; translated from the Russian by A. K. Chatterjee
260 ## - PUBLICATION, DISTRIBUTION, ETC.
Place of publication, distribution, etc. Moscow
Name of publisher, distributor, etc. Mir
Date of publication, distribution, etc. 1971
300 ## - PHYSICAL DESCRIPTION
Extent 491p. : ill.
350 ## - PRICE (NR) (BK AM CF MU VM SE) [OBSOLETE]
Price 0.00
995 ## - RECOMMENDATION 995 [LOCAL, UNIMARC FRANCE]
-- 0.00
-- CBU-MAIN LIBRARY (Kitwe)
-- 1
-- 1.50
-- AVAILABLE
-- Main Library Open Access Collection
Holdings
Withdrawn status Lost status Source of classification or shelving scheme Damaged status Not for loan Home library Current library Shelving location Date acquired Total Checkouts Full call number Barcode Date last seen Price effective from Koha item type
          CBU-MAIN LIBRARY, KITWE. CBU-MAIN LIBRARY, KITWE.   11/30/2022   TN 269 Saz 015828 11/30/2022 11/30/2022 MONOGRAPH